Ochrana osobných údajov
Zákon o ochrane osobných údajov, na čo sa vzťahuje a na čo sa nevzťahuje. Základné dokumenty, ktoré sa ochranou osobných údajov v EÚ zaoberajú. Pojem osobný údaj, spracovanie, poskytovanie osobných údajov, prevádzkovateľ. Získavanie, likvidácia, bezpečnosť osobných údajov. Práva dotknutej osoby.
Guardado en:
| Autor principal: | |
|---|---|
| Formato: | Capítulo de libro |
| Lenguaje: | eslovaco |
| Materias: | |
| Etiquetas: |
Sin Etiquetas, Sea el primero en etiquetar este registro!
|
MARC
| LEADER | 00000naa$a2200000$$$4500 | ||
|---|---|---|---|
| 001 | 0095250 | ||
| 005 | 20231120111635.0 | ||
| 041 | 0 | |a slo | |
| 044 | |a SK | ||
| 245 | 1 | 0 | |a Ochrana osobných údajov |c Jozef Jaško |
| 520 | |a Zákon o ochrane osobných údajov, na čo sa vzťahuje a na čo sa nevzťahuje. Základné dokumenty, ktoré sa ochranou osobných údajov v EÚ zaoberajú. Pojem osobný údaj, spracovanie, poskytovanie osobných údajov, prevádzkovateľ. Získavanie, likvidácia, bezpečnosť osobných údajov. Práva dotknutej osoby. | ||
| 610 | 2 | 0 | |a informácie |
| 610 | 2 | 0 | |a ochrana osobnosti |
| 610 | 2 | 0 | |a ochrana údajov osobných |
| 610 | 2 | 0 | |a zákony |
| 610 | 2 | 0 | |a smernice |
| 100 | 1 | |a Jaško, Jozef | |